[Event "HUN-chT2 Toth 1516"]
[Site "Hungary"]
[Date "2016.03.20"]
[Round "9.7"]
[White "Abraham, Lajos"]
[Black "Fekete, Martin"]
[Result "0-1"]
[WhiteElo "1781"]
[BlackElo "1904"]
[PlyCount "118"]
[EventDate "2015.09.13"]
[EventType "team-tourn"]
[EventRounds "11"]
[EventCountry "HUN"]
[SourceTitle "EXT 2017"]
[Source "ChessBase"]
[SourceDate "2016.10.25"]
[SourceVersion "1"]
[SourceVersionDate "2016.10.25"]
[SourceQuality "1"]
[WhiteTeam "Roszke"]
[BlackTeam "Toth Laszlo II"]
[WhiteTeamCountry "HUN"]
[BlackTeamCountry "HUN"]

1. d4 Nf6 2. c4 e6 3. a3 d5 4. Nc3 Be7 5. Nf3 0-0 6. h3 c6 7. e3 Nbd7 8. Qc2 Re8 9. Be2 dxc4 10. Bxc4 b5 11. Be2 Bb7 12. 0-0 a6 13. e4 c5 14. dxc5 Nxc5 15. e5 Nd5 16. Nxd5 Bxd5 17. Be3 Rc8 18. Bxc5 Rxc5 19. Qd2 Bxf3 20. Qxd8 Rxd8 21. Bxf3 Rxe5 22. Rfd1 g6 23. Rxd8+ Bxd8 24. Rd1 Bf6 25. b3 Rc5 26. Rb1 Rc7 27. Be2 Rc2 28. Bd1 Ra2 29. a4 Bd4 30. axb5 Rxf2 31. Kh1 Rf1+ 32. Kh2 axb5 33. h4 Kg7 34. Bc2 Rxb1 35. Bxb1 b4 36. g4 Bf2 37. Kh3 h6 38. g5 h5 39. Bd3 e5 40. Bc4 e4 41. Bb5 e3 42. Bc4 Kf8 43. Bd3 Ke7 44. Bc4 Kd6 45. Kg2 Bxh4 46. Kf3 Ke7 47. Kf4 Bf2 48. Kf3 f6 49. Kf4 h4 50. Bf1 fxg5+ 51. Kf3 Kf6 52. Bh3 Ke5 53. Bf1 Kd4 54. Kg4 Kc3 55. Bc4 Kd2 56. Kf3 g4+ 57. Kg2 e2 58. Kh2 e1Q 59. Bf1 Bg3+ 0-1

[Event "HUN-chT2 Toth 1415"]
[Site "Hungary"]
[Date "2014.11.16"]
[Round "4.1"]
[White "Fekete, Martin"]
[Black "Balatoni, Gyorgy"]
[Result "1-0"]
[WhiteElo "1910"]
[BlackElo "1791"]
[PlyCount "45"]
[EventDate "2014.09.07"]
[EventType "team-tourn"]
[EventRounds "11"]
[EventCountry "HUN"]
[SourceTitle "EXT 2016"]
[Source "ChessBase"]
[SourceDate "2015.10.08"]
[SourceVersion "1"]
[SourceVersionDate "2015.10.08"]
[SourceQuality "1"]
[WhiteTeam "Toth Laszlo"]
[BlackTeam "Szentes"]
[WhiteTeamCountry "HUN"]
[BlackTeamCountry "HUN"]

1. e4 c6 2. Nc3 d5 3. d3 dxe4 4. dxe4 Qxd1+ 5. Nxd1 g6 6. f4 Bg7 7. Nf3 Bg4 8. Be2 e6 9. 0-0 Ne7 10. c3 0-0 11. Ne3 Bxf3 12. Bxf3 Rd8 13. Nc4 Na6 14. Be3 b6 15. Rfd1 Rab8 16. Be2 Nc7 17. a4 Ne8 18. Bf3 Nf6 19. a5 c5 20. Rxd8+ Rxd8 21. axb6 axb6 22. Nxb6 Nc8 23. Ra8 1-0

[Event "HUN-chT2 Toth 1415"]
[Site "Hungary"]
[Date "2014.09.21"]
[Round "2.10"]
[White "Bankos, Henrietta"]
[Black "Fekete, Martin"]
[Result "0-1"]
[WhiteElo "1828"]
[BlackElo "1910"]
[PlyCount "86"]
[EventDate "2014.09.07"]
[EventType "team-tourn"]
[EventRounds "11"]
[EventCountry "HUN"]
[SourceTitle "EXT 2016"]
[Source "ChessBase"]
[SourceDate "2015.10.08"]
[SourceVersion "1"]
[SourceVersionDate "2015.10.08"]
[SourceQuality "1"]
[WhiteTeam "Felegyhaza Csongrad"]
[BlackTeam "Toth Laszlo"]
[WhiteTeamCountry "HUN"]
[BlackTeamCountry "HUN"]

1. e4 e5 2. d4 exd4 3. f4 d6 4. Nf3 Nc6 5. Bd3 Bg4 6. 0-0 Qd7 7. c3 dxc3 8. Nxc3 Nge7 9. Be3 g6 10. Bc4 Bg7 11. Nd5 Nxd5 12. Bxd5 0-0 13. Qe1 Be6 14. Qd2 Bxd5 15. Qxd5 Rae8 16. Nd4 Bxd4 17. Bxd4 Qe6 18. Bc3 Qxe4 19. Qg5 Qf5 20. Qh6 f6 21. Rae1 Re7 22. h3 Qh5 23. Qxh5 gxh5 24. Rxe7 Nxe7 25. Re1 Kf7 26. Kf2 Nd5 27. Bd2 Re8 28. Kf3 Rxe1 29. Bxe1 Ke6 30. g4 hxg4+ 31. hxg4 Nb6 32. b3 c5 33. Bc3 f5 34. g5 Nd5 35. Bd2 b5 36. Ke2 a6 37. a3 a5 38. Bxa5 Nxf4+ 39. Kf3 Nd3 40. Bd2 Ne5+ 41. Ke3 d5 42. a4 bxa4 43. bxa4 Nc4+ 0-1

[Event "HUN-chT2 Toth 1314"]
[Site "Hungary"]
[Date "2014.03.02"]
[Round "8.8"]
[White "Csomos, Janos"]
[Black "Fekete, Martin"]
[Result "0-1"]
[WhiteElo "1874"]
[BlackElo "1809"]
[PlyCount "130"]
[EventDate "2013.09.08"]
[EventType "team-tourn"]
[EventRounds "11"]
[EventCountry "HUN"]
[SourceTitle "EXT 2016"]
[Source "ChessBase"]
[SourceDate "2015.10.08"]
[SourceVersion "1"]
[SourceVersionDate "2015.10.08"]
[SourceQuality "1"]
[WhiteTeam "Gyula"]
[BlackTeam "Toth Laszlo II"]
[WhiteTeamCountry "HUN"]
[BlackTeamCountry "HUN"]

1. d4 Nf6 2. c4 e6 3. Nc3 d5 4. Bg5 Be7 5. e3 Nbd7 6. Nf3 0-0 7. Bd3 c6 8. 0-0 dxc4 9. Bxc4 b5 10. Be2 Bb7 11. Rc1 a6 12. Qd2 Qb6 13. Ne5 Rfd8 14. Qc2 Rac8 15. Rfd1 c5 16. Nxd7 Rxd7 17. dxc5 Rxd1+ 18. Qxd1 Qxc5 19. Bxf6 Bxf6 20. Bf1 Qb6 21. Qb3 Qa5 22. a3 Bd5 23. Qb4 Qxb4 24. axb4 Be7 25. Rd1 Bb3 26. Ra1 Rc6 27. g3 Bxb4 28. Bg2 Rb6 29. Rc1 g6 30. Ne4 Kg7 31. g4 Bd5 32. g5 Rc6 33. Rxc6 Bxc6 34. f3 Bxe4 35. fxe4 Be1 36. Bf1 Bh4 37. Kg2 Bxg5 38. Kf3 Kf6 39. Bd3 e5 40. h3 Ke6 41. Be2 Kd6 42. Bd1 a5 43. Bb3 Ke7 44. Bd5 h5 45. Bc6 b4 46. b3 f5 47. exf5 gxf5 48. e4 f4 49. Ke2 Bh6 50. Ba4 Kf6 51. Kf3 Kg5 52. Bc6 Kh4 53. Be8 Kxh3 54. Bxh5 a4 55. bxa4 b3 56. Bf7 b2 57. Ba2 Bf8 58. a5 Bc5 59. Bb1 Kh2 60. Bc2 Kg1 61. Bd3 Bf2 62. a6 Bd4 63. Ke2 Kg2 64. Kd2 f3 65. Kc2 f2 0-1

[Event "HUN-chT2 Toth 1314"]
[Site "Hungary"]
[Date "2014.02.16"]
[Round "7.7"]
[White "Balogh, Ferenc1111"]
[Black "Fekete, Martin"]
[Result "1-0"]
[WhiteElo "1846"]
[BlackElo "1809"]
[PlyCount "123"]
[EventDate "2013.09.08"]
[EventType "team-tourn"]
[EventRounds "11"]
[EventCountry "HUN"]
[SourceTitle "EXT 2016"]
[Source "ChessBase"]
[SourceDate "2015.10.08"]
[SourceVersion "1"]
[SourceVersionDate "2015.10.08"]
[SourceQuality "1"]
[WhiteTeam "Szeged Maroczy II"]
[BlackTeam "Toth Laszlo II"]
[WhiteTeamCountry "HUN"]
[BlackTeamCountry "HUN"]

1. e4 e5 2. Nf3 Nc6 3. Bb5 a6 4. Bxc6 dxc6 5. d4 exd4 6. Qxd4 Qxd4 7. Nxd4 Bd7 8. Be3 0-0-0 9. f3 f6 10. Kf2 Bd6 11. Nc3 Ne7 12. g3 g5 13. h4 h6 14. hxg5 hxg5 15. Kg2 Ng6 16. Bf2 g4 17. Rxh8 Rxh8 18. f4 b5 19. Rh1 Rxh1 20. Kxh1 c5 21. Nb3 c4 22. Nc5 b4 23. Nd5 Bxc5 24. Bxc5 f5 25. Nxb4 a5 26. Nd5 fxe4 27. Ne3 Kb7 28. Nxc4 Kc6 29. Be3 Kb5 30. Nd2 Bf5 31. Kg2 Ne7 32. Kf2 Kc6 33. c4 Bg6 34. Nb3 a4 35. Nc5 Bf7 36. Nxa4 Bxc4 37. b3 Be6 38. Nc3 Bf5 39. Bd4 Nd5 40. a3 Nxc3 41. Bxc3 Kd5 42. Ke3 c5 43. Be1 Bd7 44. Kd2 Kd4 45. Bf2+ Kd5 46. Be3 Kc6 47. Kc3 Kd5 48. a4 Bc8 49. b4 cxb4+ 50. Kxb4 Bd7 51. a5 Bc8 52. Kb5 Bb7 53. a6 Bc6+ 54. Kb6 Kd6 55. f5 Bd5 56. Bf4+ Kd7 57. Kc5 Ba8 58. Kd4 Ke7 59. Ke5 Kf7 60. Be3 Ke7 61. Kf4 Kf6 62. Kxg4 1-0

[Event "HUN-chT2 Toth 1213"]
[Site "Hungary"]
[Date "2012.09.16"]
[Round "1.12"]
[White "Fekete, Martin"]
[Black "Varadi, Tamas"]
[Result "1-0"]
[WhiteElo "1773"]
[BlackElo "1554"]
[PlyCount "45"]
[EventDate "2012.09.16"]
[EventType "team-tourn"]
[EventRounds "11"]
[EventCountry "HUN"]
[SourceTitle "EXT 2014"]
[Source "ChessBase"]
[SourceDate "2013.11.20"]
[SourceVersion "1"]
[SourceVersionDate "2013.11.20"]
[SourceQuality "1"]
[WhiteTeam "Toth Laszlo II"]
[BlackTeam "Takisz"]
[WhiteTeamCountry "HUN"]
[BlackTeamCountry "HUN"]

1. e4 c6 2. f4 d5 3. e5 Bf5 4. d4 e6 5. Bd3 Bxd3 6. Qxd3 Nd7 7. Nf3 Qc7 8. 0-0 c5 9. c3 Ne7 10. Be3 Nf5 11. Bf2 Be7 12. g4 Nh6 13. h3 f6 14. exf6 gxf6 15. Qe3 Qc6 16. f5 Nxf5 17. gxf5 exf5 18. Re1 Rg8+ 19. Kh1 Qd6 20. dxc5 Nxc5 21. Qxc5 Qxc5 22. Bxc5 Rg7 23. Nd4 1-0

[Event "HUN-chT2 Toth 1112"]
[Site "Hungary"]
[Date "2011.11.13"]
[Round "3.12"]
[White "Karolyi, Mate"]
[Black "Fekete, Martin"]
[Result "0-1"]
[WhiteElo "1488"]
[BlackElo "1708"]
[PlyCount "94"]
[EventDate "2011.09.25"]
[EventType "team-tourn"]
[EventRounds "11"]
[EventCountry "HUN"]
[SourceTitle "EXT 2013"]
[Source "ChessBase"]
[SourceDate "2012.11.22"]
[SourceVersion "1"]
[SourceVersionDate "2012.11.22"]
[SourceQuality "1"]
[WhiteTeam "Abony"]
[BlackTeam "Toth Laszlo"]
[WhiteTeamCountry "HUN"]
[BlackTeamCountry "HUN"]

1. e4 e5 2. Nf3 Nc6 3. Nc3 Bc5 4. Bb5 d6 5. d3 h6 6. Na4 Bb6 7. Nxb6 axb6 8. h3 f5 9. exf5 Bxf5 10. d4 Bd7 11. dxe5 Qe7 12. Qe2 Nxe5 13. Nxe5 Qxe5 14. Bxd7+ Kxd7 15. Qxe5 dxe5 16. 0-0 Nf6 17. b3 Rhe8 18. Bb2 Re6 19. Rad1+ Ke7 20. a4 Kf7 21. Rfe1 Rae8 22. Re2 g5 23. Rde1 Nd7 24. Re3 e4 25. Rd1 Nf6 26. Bxf6 Kxf6 27. Rd7 R8e7 28. Rd4 h5 29. g3 Kf5 30. Rd5+ Re5 31. Rxe5+ Rxe5 32. Kg2 Rd5 33. g4+ hxg4 34. hxg4+ Kf4 35. Rc3 Rc5 36. Rxc5 bxc5 37. c3 Kxg4 38. b4 cxb4 39. cxb4 c6 40. a5 Kf4 41. Kf1 Kf3 42. Ke1 e3 43. fxe3 Kxe3 44. Kf1 Kf3 45. Kg1 g4 46. Kf1 g3 47. Kg1 g2 0-1